| 000 | 00392nam a2200169Ia 4500 | ||
|---|---|---|---|
| 001 | 1869 | ||
| 005 | 20260306143800.0 | ||
| 008 | 260306t9999||||xx |||||||||||||| ||spa|| | ||
| 041 | _aESP | ||
| 082 |
_a158 _bH76 |
||
| 100 |
_aHorna Figueroa, Alcibiades _eAUT |
||
| 245 | 0 | _aMente oportuna | |
| 300 |
_a252 páginas : _c21 cm. |
||
| 650 | _aGEN | ||
| 654 | _aCPS | ||
| 942 |
_cLIB _dJUS _fJUS _2ddc _n |
||
| 999 |
_c1869 _d1869 |
||